| 000 | 004520000a22001810004500 | ||
|---|---|---|---|
| 003 | MACL | ||
| 005 | 20160121120340.0 | ||
| 008 | 160121b xxu||||| |||| 00| 0 eng d | ||
| 040 |
_aMACL _cmacl |
||
| 041 | _aEnglish | ||
| 082 | _a346.02/JHA | ||
| 100 |
_aJhabvala, Noshirvan H _933842 |
||
| 245 | _aThe Law of Contracts | ||
| 260 |
_bC Jamanadas & Co _c1998 _aMumbai |
||
| 350 | _a130 | ||
| 650 |
_aPrivate Law _921264 |
||
| 942 |
_cBK _k346.02/JHA _2ddc |
||
| 999 |
_c33146 _d33146 |
||